[Event "X Festival Magistrale"]
[Site "Porto San Giorgio ITA"]
[Date "1998.08.25"]
[Round "5"]
[White "Khenkin, Igor"]
[Black "Glek, Igor V."]
[Result "1/2-1/2"]
[WhiteElo "2600"]
[BlackElo "2580"]
[PlyCount "123"]
[EventDate "1998.08.21"]

1. d4 Nf6 2. c4 g6 3. Nc3 Bg7 4. e4 d6 5. Nf3 O-O 6. Be2 e5 7. O-O Na6 8. Re1
c6 9. Bf1 exd4 10. Nxd4 Ng4 11. h3 Qb6 12. hxg4 Qxd4 13. g5 Qxd1 14. Rxd1 Be5
15. Na4 Re8 16. Be3 b6 17. Rd2 Bb7 18. Rad1 c5 19. f3 Nc7 20. Nc3 Rad8 21. Kf2
Bc6 22. g3 Ne6 23. Ne2 Bg7 24. Bh3 Bf8 25. Nc3 Be7 26. Nd5 Bxd5 27. Rxd5 Nc7
28. R5d3 Ne6 29. Rd5 Nc7 30. R5d2 Ne6 31. Bxe6 fxe6 32. e5 dxe5 33. Rd7 Kf8 34.
Ke2 a6 35. a3 Rxd7 36. Rxd7 Rd8 37. Ra7 a5 38. Rb7 Rd6 39. b3 Ke8 40. Bd2 a4
41. bxa4 Rd4 42. Rxb6 Rxc4 43. a5 Ra4 44. Rxe6 Rxa3 45. Rxe5 Kf7 46. f4 Ra2 47.
Kd3 Bd6 48. Re2 Bc7 49. Bc3 c4+ 50. Ke3 Ra3 51. Kd4 Bxa5 52. Bxa5 Rxa5 53. Rh2
Kg7 54. Rb2 Ra7 55. Kxc4 Rd7 56. Rb6 h6 57. gxh6+ Kxh6 58. g4 Kg7 59. Kc5 Rd1
60. Rd6 Rc1+ 61. Kd5 Rd1+ 62. Ke5 1/2-1/2

[Event "X Festival Magistrale"]
[Site "Porto San Giorgio ITA"]
[Date "1998.08.25"]
[Round "5"]
[White "Lazarev, Vladimir"]
[Black "Inkiov, Ventzislav V."]
[Result "1-0"]
[WhiteElo "2450"]
[BlackElo "2495"]
[PlyCount "69"]
[EventDate "1998.08.21"]

1. d4 Nf6 2. c4 e6 3. Nc3 Bb4 4. Qc2 Nc6 5. Nf3 d5 6. Bg5 h6 7. Bxf6 Qxf6 8. e3
dxc4 9. Bxc4 O-O 10. a3 Bd6 11. O-O e5 12. d5 Ne7 13. Nd2 a6 14. Rac1 Ng6 15.
Bd3 Nh4 16. Kh1 Nxg2 17. Nce4 Qh4 18. Nxd6 cxd6 19. Be4 Nf4 20. exf4 Qxf4 21.
Qd3 f5 22. Bg2 Bd7 23. Qe3 Qh4 24. Rc7 Rf7 25. Rfc1 Raf8 26. Rxb7 f4 27. Qa7
Bg4 28. Rcc7 Rxc7 29. Rxc7 Qg5 30. f3 Bf5 31. Qxa6 Rf6 32. Qe2 Rg6 33. Rc1 Kh7
34. Rg1 Qh4 35. Bf1 1-0

[Event "X Festival Magistrale"]
[Site "Porto San Giorgio ITA"]
[Date "1998.08.25"]
[Round "5"]
[White "Naumkin, Igor"]
[Black "Ulibin, Mikhail"]
[Result "1/2-1/2"]
[WhiteElo "2475"]
[BlackElo "2555"]
[PlyCount "42"]
[EventDate "1998.08.21"]

1. d4 e6 2. c4 Bb4+ 3. Bd2 Bxd2+ 4. Qxd2 d6 5. Nf3 Qe7 6. Nc3 c6 7. g3 Nh6 8.
Bg2 O-O 9. O-O e5 10. e4 f6 11. h3 Na6 12. Rad1 Nf7 13. Nh4 g6 14. f4 Nc7 15.
Nf3 b5 16. cxb5 Nxb5 17. Rfe1 Rb8 18. b3 Rb6 19. Rc1 Bd7 20. Bf1 Nxc3 21. Qxc3
exf4 1/2-1/2

[Event "X Festival Magistrale"]
[Site "Porto San Giorgio ITA"]
[Date "1998.08.25"]
[Round "5"]
[White "Razuvaev, Yuri S."]
[Black "Skembris, Spyridon"]
[Result "1/2-1/2"]
[WhiteElo "2560"]
[BlackElo "2480"]
[PlyCount "67"]
[EventDate "1998.08.21"]

1. Nf3 d5 2. d4 Nc6 3. g3 Bg4 4. Bg2 e6 5. O-O Nf6 6. c4 Bd6 7. Nc3 O-O 8. cxd5
Nxd5 9. h3 Bh5 10. e4 Nb6 11. g4 Bg6 12. Qe2 f5 13. Bg5 fxg4 14. hxg4 Nxd4 15.
Nxd4 Qxg5 16. e5 Qxe5 17. Qxe5 Bxe5 18. Nxe6 Rf6 19. Nc5 Bd4 20. Nb3 Bxc3 21.
bxc3 Rf4 22. Bxb7 Rxg4+ 23. Kh2 Rf8 24. f3 Rc4 25. Nd4 Rxc3 26. Rac1 Rd3 27.
Nc6 Rd2+ 28. Kg3 Nd5 29. Rf2 Rxf2 30. Kxf2 Re8 31. Rc5 Nf4 32. Kg3 Nh5+ 33. Kf2
Nf4 34. Kg3 1/2-1/2

[Event "X Festival Magistrale"]
[Site "Porto San Giorgio ITA"]
[Date "1998.08.25"]
[Round "5"]
[White "Schweiger, Georg"]
[Black "Aleksieva, Silvia"]
[Result "0-1"]
[WhiteElo "2220"]
[BlackElo "2335"]
[PlyCount "82"]
[EventDate "1998.08.21"]

1. e4 c5 2. Nf3 Nc6 3. Bb5 g6 4. O-O Bg7 5. c3 Qb6 6. Na3 Nf6 7. Re1 O-O 8. h3
a6 9. Bf1 d6 10. Nc4 Qc7 11. Ne3 b5 12. d4 cxd4 13. cxd4 Bb7 14. Nc2 Rac8 15.
Bd3 e5 16. Be3 d5 17. exd5 Nxd5 18. Bg5 Nxd4 19. Ncxd4 exd4 20. Qd2 Rfe8 21.
Be4 Qb6 22. Bh6 Bh8 23. Rad1 Rcd8 24. Re2 Ne3 25. Bxb7 Nxd1 26. Rxe8+ Rxe8 27.
Bd5 Qc5 28. Bb3 Nxb2 29. Qxb2 d3 30. Qd2 Re2 31. Be3 Qc3 32. Qc1 Rb2 33. Kh2 a5
34. Ng5 Be5+ 35. f4 d2 36. Bxd2 Rxd2 37. Bxf7+ Kg7 38. Qf1 Qe3 39. fxe5 Qxe5+
40. Kh1 Qxg5 41. Be8 Qd5 0-1

[Event "X Festival Magistrale"]
[Site "Porto San Giorgio ITA"]
[Date "1998.08.25"]
[Round "5"]
[White "Sebastianelli, Dario"]
[Black "Corvi, Marco"]
[Result "0-1"]
[WhiteElo "2180"]
[BlackElo "2305"]
[PlyCount "76"]
[EventDate "1998.08.21"]

1. e4 c5 2. Nf3 e6 3. d4 cxd4 4. Nxd4 Qb6 5. Nb3 a6 6. Be3 Qc7 7. a3 Nf6 8. Nc3
b5 9. f3 Bb7 10. Qd2 d6 11. O-O-O Nbd7 12. g4 Ne5 13. Nd4 Be7 14. h4 Nc4 15.
Bxc4 Qxc4 16. h5 h6 17. Kb1 d5 18. e5 Nd7 19. f4 b4 20. Na4 a5 21. f5 bxa3 22.
b3 Qa6 23. Rhe1 Rc8 24. Bf4 Nc5 25. Nxc5 Bxc5 26. c3 Qb6 27. Ka2 Bxd4 28. cxd4
Ba6 29. Rb1 Qb4 30. Rec1 Kd7 31. Qe3 Rxc1 32. Rxc1 a4 33. Qc3 axb3+ 34. Kb1
Qxc3 35. Rxc3 Bc4 36. Bc1 Rg8 37. f6 gxf6 38. exf6 b2 0-1

[Event "X Festival Magistrale"]
[Site "Porto San Giorgio ITA"]
[Date "1998.08.25"]
[Round "5"]
[White "Van der Werf, Mark"]
[Black "Van der Vorm, Teun"]
[Result "1/2-1/2"]
[WhiteElo "2415"]
[BlackElo "2350"]
[PlyCount "93"]
[EventDate "1998.08.21"]

1. d4 Nf6 2. c4 g6 3. Nc3 Bg7 4. e4 d6 5. h3 O-O 6. Bg5 c5 7. d5 e6 8. Nf3 exd5
9. cxd5 Re8 10. Bd3 h6 11. Be3 a6 12. a4 Nbd7 13. O-O Ne5 14. Nxe5 Rxe5 15. f4
Re8 16. Qf3 b6 17. Bf2 Nd7 18. Bg3 Ra7 19. Rae1 Qe7 20. Kh1 Kh7 21. e5 Qd8 22.
Ne4 dxe5 23. Nd6 e4 24. Bxe4 Rf8 25. f5 Kg8 26. Nxc8 Qxc8 27. Bd6 g5 28. Bxf8
Qxf8 29. Bd3 Nf6 30. Bc4 Qd6 31. Qe2 a5 32. Qe5 Bf8 33. Qxd6 Bxd6 34. g4 Kg7
35. Kg2 Ra8 36. Re3 Rh8 37. Rb3 Rb8 38. Re1 h5 39. h4 Kh6 40. hxg5+ Kxg5 41.
gxh5 Nxh5 42. Rf3 Rh8 43. Kf2 Nf4 44. Rg1+ Kxf5 45. Ke3 Re8+ 46. Kd2 Rh8 47.
Ke3 1/2-1/2

[Event "X Festival Magistrale"]
[Site "Porto San Giorgio ITA"]
[Date "1998.08.25"]
[Round "5"]
[White "Vera Gonzalez-Quevedo, Reynaldo"]
[Black "Zlochevskij, Alexander"]
[Result "1/2-1/2"]
[WhiteElo "2530"]
[BlackElo "2430"]
[PlyCount "82"]
[EventDate "1998.08.21"]

1. d4 d6 2. Nf3 g6 3. c4 Bg7 4. Nc3 c6 5. e4 a6 6. h3 b5 7. a3 Nd7 8. Be3 Rb8
9. c5 dxc5 10. dxc5 Qc7 11. Qd2 Ngf6 12. Be2 b4 13. axb4 Rxb4 14. O-O O-O 15.
Qc2 a5 16. Ra3 Nh5 17. Rfa1 Nf4 18. Bf1 Qb8 19. R1a2 Ne5 20. Nd2 g5 21. b3 Be6
22. Ne2 Nxe2+ 23. Bxe2 h6 24. Rxa5 Bxb3 25. Nxb3 Rxb3 26. g3 Rc3 27. Qd1 Nc4
28. Bxc4 Rxc4 29. Qf3 Qb1+ 30. Kg2 Qxe4 31. Ra6 Rc8 32. Ra8 Rxa8 33. Rxa8+ Kh7
34. Rc8 Qxf3+ 35. Kxf3 Bd4 36. Bxd4 Rxd4 37. Rxc6 Rc4 38. Ke3 Kg7 39. Kd3 Rc1
40. Kd4 Rd1+ 41. Ke3 Rd5 1/2-1/2

[Event "X Festival Magistrale"]
[Site "Porto San Giorgio ITA"]
[Date "1998.08.25"]
[Round "5"]
[White "Voiska, Margarita"]
[Black "Vinzoni, Andrea"]
[Result "1-0"]
[WhiteElo "2350"]
[BlackElo "2145"]
[PlyCount "57"]
[EventDate "1998.08.21"]

1. g3 d5 2. Bg2 Nf6 3. c4 dxc4 4. Qa4+ Nbd7 5. Nf3 e6 6. Qxc4 Bd6 7. O-O O-O 8.
Qc2 e5 9. d3 Re8 10. Nbd2 c6 11. b3 Qc7 12. Bb2 Nb6 13. e4 Nfd7 14. d4 exd4 15.
Nxd4 Ne5 16. f4 Ng4 17. h3 Nh6 18. e5 Bf8 19. Rae1 Bd7 20. Ne4 c5 21. Ng5 g6
22. e6 fxe6 23. Ndxe6 Bxe6 24. Nxe6 Qd6 25. Nxf8 Qxf8 26. Qc3 Nf7 27. a4 Rad8
28. Rxe8 Rxe8 29. a5 1-0

[Event "X Festival Magistrale"]
[Site "Porto San Giorgio ITA"]
[Date "1998.08.26"]
[Round "6"]
[White "Aleksic, Nenad"]
[Black "Aleksieva, Silvia"]
[Result "1/2-1/2"]
[WhiteElo "2445"]
[BlackElo "2335"]
[PlyCount "58"]
[EventDate "1998.08.21"]

1. e4 c5 2. Nf3 Nc6 3. d4 cxd4 4. Nxd4 Nf6 5. Nc3 d6 6. Bg5 e6 7. Qd3 Be7 8.
O-O-O Nxd4 9. Qxd4 O-O 10. f4 Qa5 11. Bc4 Bd7 12. Rhf1 Bc6 13. Bb3 h6 14. Bh4
Qh5 15. Bg3 d5 16. exd5 Rfd8 17. Qe5 Qxe5 18. fxe5 Nxd5 19. Nxd5 Bxd5 20. Bxd5
Rxd5 21. Rxd5 exd5 22. Kd2 Kf8 23. Kd3 Bc5 24. e6 f6 25. Rf5 Rd8 26. Bc7 Rc8
27. Bg3 Rd8 28. Bc7 Rc8 29. Bg3 Rd8 1/2-1/2

[Event "X Festival Magistrale"]
[Site "Porto San Giorgio ITA"]
[Date "1998.08.26"]
[Round "6"]
[White "Chiaretti, Roberto"]
[Black "Fercec, Nenad"]
[Result "0-1"]
[WhiteElo "2220"]
[BlackElo "2490"]
[PlyCount "58"]
[EventDate "1998.08.21"]

1. e4 c5 2. c3 Nf6 3. e5 Nd5 4. g3 d6 5. exd6 Qxd6 6. Bg2 Nc6 7. Ne2 Bf5 8. d4
cxd4 9. Nxd4 Qe5+ 10. Qe2 Qxe2+ 11. Nxe2 O-O-O 12. O-O Bd3 13. Re1 e5 14. Nd2
f5 15. Nf1 Be7 16. Ne3 Nf6 17. b3 g6 18. Bb2 Bc5 19. c4 Rhe8 20. Rad1 Bxe3 21.
fxe3 Bxe2 22. Rxd8+ Rxd8 23. Rxe2 Rd1+ 24. Bf1 Ne4 25. Kg2 Nb4 26. Bxe5 Nd3 27.
Bd4 Nd2 28. Bxa7 Nxf1 29. e4 f4 0-1

[Event "X Festival Magistrale"]
[Site "Porto San Giorgio ITA"]
[Date "1998.08.26"]
[Round "6"]
[White "Davies, Nigel R."]
[Black "Khenkin, Igor"]
[Result "0-1"]
[WhiteElo "2530"]
[BlackElo "2600"]
[PlyCount "64"]
[EventDate "1998.08.21"]

1. Nf3 d5 2. c4 c6 3. Qc2 Nf6 4. d4 dxc4 5. Nbd2 b5 6. b3 cxb3 7. Nxb3 Qd5 8.
g3 Bf5 9. Qb2 a5 10. Bg2 a4 11. Nbd2 a3 12. Qc3 Ne4 13. Nxe4 Bxe4 14. Bxa3 e5
15. Bxf8 exd4 16. Qb2 Rxf8 17. O-O Nd7 18. Rfd1 c5 19. Qxb5 Ke7 20. Ne1 Rfb8
21. Qd3 Bxd3 22. Bxd5 Bxe2 23. Rd2 Ba6 24. Bxa8 Rxa8 25. a4 Rb8 26. f3 Rb3 27.
Kf2 d3 28. Ke3 c4 29. Kd4 Kd6 30. Rc1 Nc5 31. Ra2 f5 32. a5 d2 0-1

[Event "X Festival Magistrale"]
[Site "Porto San Giorgio ITA"]
[Date "1998.08.26"]
[Round "6"]
[White "Glek, Igor V."]
[Black "Naumkin, Igor"]
[Result "1-0"]
[WhiteElo "2580"]
[BlackElo "2475"]
[PlyCount "51"]
[EventDate "1998.08.21"]

1. e4 e6 2. d4 d5 3. Nc3 Bb4 4. exd5 exd5 5. Bd3 Nf6 6. Bg5 Be7 7. Nge2 O-O 8.
O-O c6 9. Ng3 Re8 10. Re1 h6 11. Bf4 Bg4 12. Qd2 Nbd7 13. Nd1 Nf8 14. Ne3 Bd6
15. Nxg4 Rxe1+ 16. Rxe1 Nxg4 17. Bxd6 Qxd6 18. h3 Nf6 19. Nf5 Qc7 20. Re7 Qb6
21. Qf4 N8h7 22. Qg3 Ng5 23. h4 Qxb2 24. hxg5 Qc1+ 25. Kh2 hxg5 26. Re3 1-0

[Event "X Festival Magistrale"]
[Site "Porto San Giorgio ITA"]
[Date "1998.08.26"]
[Round "6"]
[White "Inkiov, Ventzislav V."]
[Black "Iotti, Pierluigi"]
[Result "1/2-1/2"]
[WhiteElo "2495"]
[BlackElo "2320"]
[PlyCount "86"]
[EventDate "1998.08.21"]

1. d4 Nf6 2. c4 e6 3. Nf3 b6 4. g3 Bb7 5. Bg2 Be7 6. O-O O-O 7. Nc3 d5 8. cxd5
exd5 9. Ne5 c6 10. Bf4 Nbd7 11. Rc1 Re8 12. e4 Nxe5 13. dxe5 Nxe4 14. Nxe4 dxe4
15. Bxe4 Bc5 16. Qf3 Qd7 17. Rfd1 Qe6 18. a3 a5 19. b4 axb4 20. axb4 Bxb4 21.
Bxc6 Ra3 22. Qd5 Qxd5 23. Rxd5 Bxc6 24. Rxc6 Bc5 25. Rd7 h6 26. Rcc7 g5 27. Be3
Bxe3 28. fxe3 Rxe5 29. Rxf7 Raxe3 30. Rg7+ Kf8 31. Rh7 Re7 32. Rc8+ Re8 33.
Rxe8+ Kxe8 34. Rxh6 Rb3 35. Rf6 Rb5 36. Kg2 Ke7 37. Rf2 Ke6 38. Kh3 Rb4 39. Rf8
b5 40. Rb8 Kf6 41. Rb6+ Kg7 42. Rd6 Kh7 43. Rb6 Kg7 1/2-1/2

[Event "X Festival Magistrale"]
[Site "Porto San Giorgio ITA"]
[Date "1998.08.26"]
[Round "6"]
[White "Marzano, Carlo"]
[Black "Van der Werf, Mark"]
[Result "0-1"]
[WhiteElo "2185"]
[BlackElo "2415"]
[PlyCount "74"]
[EventDate "1998.08.21"]

1. d4 d5 2. Nf3 e6 3. Bf4 Bd6 4. e3 Bxf4 5. exf4 c5 6. dxc5 Qa5+ 7. c3 Qxc5 8.
Nbd2 Ne7 9. Bd3 Bd7 10. Qe2 Qc7 11. g3 Nbc6 12. O-O h6 13. Rfe1 O-O-O 14. b4
Kb8 15. Nb3 Nc8 16. a4 Nd6 17. a5 Ne7 18. Nc5 Bc8 19. Reb1 Rdg8 20. Qa2 g5 21.
fxg5 hxg5 22. Nd2 Ng6 23. Qa3 Ne5 24. b5 Nxd3 25. Nxd3 Qd8 26. a6 b6 27. Ne5
Qc7 28. Nc6+ Ka8 29. Qb4 Bd7 30. c4 Bxc6 31. bxc6 Qxc6 32. Rc1 d4 33. f3 Qc5
34. Qb1 d3+ 35. Kg2 Rxh2+ 36. Kxh2 Qf2+ 37. Kh3 g4+ 0-1

[Event "X Festival Magistrale"]
[Site "Porto San Giorgio ITA"]
[Date "1998.08.26"]
[Round "6"]
[White "Mastroddi, Fabio"]
[Black "Riccio, Eros"]
[Result "1-0"]
[WhiteElo "1915"]
[BlackElo "2104"]
[PlyCount "43"]
[EventDate "1998.08.21"]

1. d4 Nf6 2. Nc3 d5 3. e4 Nxe4 4. Nxe4 dxe4 5. Bc4 Bf5 6. c3 Bg6 7. f4 exf3 8.
Nxf3 e6 9. Qb3 Qc8 10. O-O Be7 11. Ne5 c6 12. a4 a5 13. Bd2 Na6 14. Rae1 Nc7
15. Bf4 Nd5 16. Bxd5 cxd5 17. Qb5+ Kd8 18. c4 f6 19. Nxg6 hxg6 20. cxd5 exd5
21. Qb6+ Ke8 22. Bd6 1-0

[Event "X Festival Magistrale"]
[Site "Porto San Giorgio ITA"]
[Date "1998.08.26"]
[Round "6"]
[White "Narciso Dublan, Marc"]
[Black "Razuvaev, Yuri S."]
[Result "0-1"]
[WhiteElo "2460"]
[BlackElo "2560"]
[PlyCount "124"]
[EventDate "1998.08.21"]

1. e4 c5 2. Nf3 e6 3. d4 cxd4 4. Nxd4 a6 5. Bd3 Bc5 6. Nb3 Be7 7. Qg4 g6 8. c3
d6 9. O-O Nd7 10. Bc2 b6 11. Qe2 Bb7 12. Bf4 e5 13. Be3 Ngf6 14. N1d2 O-O 15.
Rad1 Re8 16. Bh6 Qc7 17. Rfe1 Bf8 18. Bxf8 Kxf8 19. Qc4 Bc6 20. Nf3 h6 21. Rd2
Re7 22. Red1 Ne8 23. h3 Ndf6 24. Nh2 Bxe4 25. Qe2 Bb7 26. Ng4 Nxg4 27. Qxg4 d5
28. Re1 Nf6 29. Qd1 Kg7 30. Nc1 Rd8 31. Ne2 h5 32. Ng3 b5 33. a3 Qb6 34. Ne4
Nd7 35. Ng3 Qc6 36. Rde2 Rde8 37. Qc1 Qf6 38. Bb1 Nb6 39. Nf1 Nc4 40. Bd3 Nd6
41. Bb1 Nc4 42. Ng3 e4 43. Qd1 Qe5 44. Nf1 f5 45. Ne3 f4 46. Nxc4 bxc4 47. Kh1
Qf6 48. Rg1 g5 49. Qa4 g4 50. Qb4 Kh8 51. Qc5 Rg8 52. Kh2 Reg7 53. Rd2 gxh3 54.
g3 Qe5 55. Qd4 Qxd4 56. Rxd4 h4 57. g4 Rxg4 58. Rxg4 Rxg4 59. Kxh3 Rg1 60. Bc2
f3 61. b3 e3 62. Rxh4+ Kg8 0-1

[Event "X Festival Magistrale"]
[Site "Porto San Giorgio ITA"]
[Date "1998.08.26"]
[Round "6"]
[White "Rotstein, Arkadij"]
[Black "Safranska, Anda"]
[Result "1-0"]
[WhiteElo "2515"]
[BlackElo "2275"]
[PlyCount "73"]
[EventDate "1998.08.21"]

1. d4 Nf6 2. Nf3 g6 3. g3 Bg7 4. Bg2 O-O 5. O-O d6 6. c4 Nc6 7. Nc3 a6 8. b3
Rb8 9. Nd5 Bg4 10. Bb2 Re8 11. Qd2 Qc8 12. Rac1 Nh5 13. Rfd1 e5 14. c5 e4 15.
cxd6 cxd6 16. Ne1 Qd8 17. Nc2 Bd7 18. Nce3 f5 19. Nc4 Be6 20. Nc7 Qxc7 21. d5
Bd7 22. Bxg7 Nxg7 23. dxc6 Bxc6 24. Nxd6 Re7 25. Qb4 Kh8 26. Nc4 Rd8 27. e3 h6
28. Bf1 Rxd1 29. Rxd1 Kh7 30. Nb6 Qe5 31. Bc4 Be8 32. Rd8 Bf7 33. Nd7 Qa1+ 34.
Kg2 Bxc4 35. Nf8+ Kg8 36. Qxc4+ Rf7 37. Nxg6+ 1-0

[Event "X Festival Magistrale"]
[Site "Porto San Giorgio ITA"]
[Date "1998.08.26"]
[Round "6"]
[White "Sedina, Elena"]
[Black "Corvi, Marco"]
[Result "1-0"]
[WhiteElo "2410"]
[BlackElo "2305"]
[PlyCount "121"]
[EventDate "1998.08.21"]

1. e4 c5 2. Nf3 e6 3. d4 cxd4 4. Nxd4 Qb6 5. Nb3 Qc7 6. Nc3 a6 7. a4 Nf6 8. Bd3
Bb4 9. Bd2 Nc6 10. O-O d6 11. f4 Bd7 12. Qe2 Na5 13. e5 Nxb3 14. cxb3 Bxc3 15.
bxc3 Nd5 16. c4 Ne7 17. Kh1 dxe5 18. fxe5 Ng6 19. Rae1 Bc6 20. Bb4 b6 21. Bd6
Qb7 22. Rf2 Rd8 23. b4 f5 24. b5 axb5 25. axb5 Be4 26. Bxe4 Qxe4 27. Qxe4 fxe4
28. Kg1 Ne7 29. Rxe4 Nc8 30. Bb4 Rd1+ 31. Rf1 Rxf1+ 32. Kxf1 Ne7 33. Ke2 Rf8
34. c5 bxc5 35. Bxc5 Rf5 36. g4 Rf7 37. Ra4 Nc8 38. Ra8 Kd8 39. Bb6+ Kd7 40.
Ba5 Rf4 41. b6 Nxb6 42. Bxb6 Rxg4 43. Kf3 Rh4 44. Ra7+ Kc6 45. Bf2 Rxh2 46.
Rxg7 Rh3+ 47. Bg3 Rh1 48. Re7 Kd5 49. Rd7+ Kc4 50. Ke4 Rg1 51. Rc7+ Kb5 52. Bf4
h5 53. Rh7 Ra1 54. Rxh5 Ra4+ 55. Kf3 Ra3+ 56. Kg4 Kc4 57. Rh1 Rd3 58. Ra1 Rd7
59. Ra6 Kd5 60. Rd6+ Ke4 61. Rxe6 1-0

[Event "X Festival Magistrale"]
[Site "Porto San Giorgio ITA"]
[Date "1998.08.26"]
[Round "6"]
[White "Sermek, Drazen"]
[Black "Vera Gonzalez-Quevedo, Reynaldo"]
[Result "1/2-1/2"]
[WhiteElo "2550"]
[BlackElo "2530"]
[PlyCount "47"]
[EventDate "1998.08.21"]

1. e4 c5 2. c3 Nf6 3. e5 Nd5 4. Nf3 Nc6 5. Bc4 e6 6. O-O d6 7. d4 cxd4 8. cxd4
Be7 9. Qe2 O-O 10. Re1 Bd7 11. Nc3 Nxc3 12. bxc3 dxe5 13. dxe5 Qa5 14. Rb1 Rab8
15. Bd3 Rfd8 16. Rb5 Qc7 17. Ng5 Bxg5 18. Bxg5 Be8 19. Qe4 Rxd3 20. Qxd3 h6 21.
Bh4 Ne7 22. Rb4 Nf5 23. Qh3 Rc8 24. f3 1/2-1/2

[Event "X Festival Magistrale"]
[Site "Porto San Giorgio ITA"]
[Date "1998.08.26"]
[Round "6"]
[White "Ulibin, Mikhail"]
[Black "Barlov, Dragan"]
[Result "1/2-1/2"]
[WhiteElo "2555"]
[BlackElo "2495"]
[PlyCount "47"]
[EventDate "1998.08.21"]

1. d4 Nf6 2. c4 e6 3. g3 c5 4. d5 exd5 5. cxd5 d6 6. Bg2 b5 7. e4 Nbd7 8. f4 b4
9. Nd2 Ba6 10. a3 b3 11. Qxb3 Rb8 12. Qa4 Bb5 13. Qc2 Be7 14. Nc4 O-O 15. Nf3
Nb6 16. Nfd2 Nfd7 17. Bf1 Bf6 18. Nxb6 Qxb6 19. Bxb5 Qxb5 20. Nc4 Qa6 21. O-O
Bd4+ 22. Be3 Nb6 23. Bxd4 Nxc4 24. Rac1 1/2-1/2

[Event "X Festival Magistrale"]
[Site "Porto San Giorgio ITA"]
[Date "1998.08.26"]
[Round "6"]
[White "Van der Vorm, Teun"]
[Black "Badea, Bela"]
[Result "1/2-1/2"]
[WhiteElo "2350"]
[BlackElo "2530"]
[PlyCount "42"]
[EventDate "1998.08.21"]

1. e4 g6 2. d4 d6 3. Nc3 c6 4. Be3 Qb6 5. Rb1 Bg7 6. Nf3 Qc7 7. a4 Nf6 8. h3
O-O 9. Bd3 Nbd7 10. O-O e5 11. dxe5 dxe5 12. Bc4 a6 13. Ra1 b6 14. Qe2 Bb7 15.
Bb3 b5 16. Nd2 Rac8 17. Rfd1 h6 18. f3 Nh5 19. Nf1 Nf4 20. Qd2 Rfd8 21. Qf2 Re8
1/2-1/2

[Event "X Festival Magistrale"]
[Site "Porto San Giorgio ITA"]
[Date "1998.08.27"]
[Round "7"]
[White "Aleksieva, Silvia"]
[Black "Davies, Nigel R."]
[Result "1/2-1/2"]
[WhiteElo "2335"]
[BlackElo "2530"]
[PlyCount "33"]
[EventDate "1998.08.21"]

1. c4 e5 2. Nc3 d6 3. g3 g6 4. Bg2 Bg7 5. d3 Nc6 6. Qd2 Be6 7. b3 Qd7 8. Bb2
Rb8 9. a3 Nh6 10. f4 O-O 11. Rc1 Rbe8 12. Nf3 Bh3 13. O-O Bxg2 14. Kxg2 Nd8 15.
d4 e4 16. Ng5 f5 17. d5 1/2-1/2

[Event "X Festival Magistrale"]
[Site "Porto San Giorgio ITA"]
[Date "1998.08.27"]
[Round "7"]
[White "Barlov, Dragan"]
[Black "Aleksic, Nenad"]
[Result "1/2-1/2"]
[WhiteElo "2495"]
[BlackElo "2445"]
[PlyCount "24"]
[EventDate "1998.08.21"]

1. d4 Nf6 2. c4 g6 3. Nc3 Bg7 4. e4 O-O 5. Nf3 d6 6. Be2 c5 7. O-O cxd4 8. Nxd4
Nc6 9. Be3 Bd7 10. Qd2 Nxd4 11. Bxd4 Bc6 12. f3 Nd7 1/2-1/2

[Event "X Festival Magistrale"]
[Site "Porto San Giorgio ITA"]
[Date "1998.08.27"]
[Round "7"]
[White "Corvi, Marco"]
[Black "Borgiani, Flavio"]
[Result "1-0"]
[WhiteElo "2305"]
[BlackElo "2065"]
[PlyCount "71"]
[EventDate "1998.08.21"]

1. c4 d6 2. Nc3 f5 3. d4 Nf6 4. g3 g6 5. Bg2 Bg7 6. Nh3 c6 7. d5 Qb6 8. Nf4 Ng4
9. O-O O-O 10. Rb1 Bxc3 11. h3 Nxf2 12. Rxf2 Bd4 13. e3 Bxe3 14. Bxe3 Qxe3 15.
Qf1 Qd4 16. Re1 Rf7 17. Kh2 c5 18. Ne6 Qf6 19. Nc7 Na6 20. Nxa8 b6 21. Rfe2 Bb7
22. Nxb6 axb6 23. Re6 Qxb2 24. R1e2 Qc3 25. R2e3 Qd4 26. Rxe7 Nc7 27. Rxf7 Kxf7
28. Qe2 Qf6 29. Rb3 b5 30. cxb5 Nxd5 31. Ra3 Kf8 32. Ra7 Qf7 33. Qd2 c4 34.
Bxd5 Qxd5 35. Qxd5 Bxd5 36. b6 1-0

[Event "X Festival Magistrale"]
[Site "Porto San Giorgio ITA"]
[Date "1998.08.27"]
[Round "7"]
[White "De Vita, Igor"]
[Black "Bonazzi, Edoardo"]
[Result "1-0"]
[WhiteElo "2155"]
[BlackElo "1933"]
[PlyCount "28"]
[EventDate "1998.08.21"]

1. e4 c5 2. Nf3 e6 3. c3 b6 4. d4 Bb7 5. Bd3 d6 6. O-O Nd7 7. Re1 Ngf6 8. e5
Nd5 9. Ng5 Be7 10. Qh5 g6 11. Qg4 h5 12. Qg3 Nf8 13. Bb5+ Nd7 14. Nxe6 fxe6 1-0

[Event "X Festival Magistrale"]
[Site "Porto San Giorgio ITA"]
[Date "1998.08.27"]
[Round "7"]
[White "Fercec, Nenad"]
[Black "Ulibin, Mikhail"]
[Result "0-1"]
[WhiteElo "2490"]
[BlackElo "2555"]
[PlyCount "55"]
[EventDate "1998.08.21"]

1. e4 e6 2. d4 d5 3. Nc3 Nf6 4. Bg5 Be7 5. e5 Nfd7 6. Bxe7 Qxe7 7. f4 a6 8. Nf3
b6 9. g3 c5 10. Bg2 Nc6 11. O-O O-O 12. Qd2 a5 13. Rf2 Ba6 14. Re1 cxd4 15.
Nxd4 Nxd4 16. Qxd4 Qb4 17. Qd2 Qxb2 18. f5 Rac8 19. f6 gxf6 20. exf6 Kh8 21.
Nd1 Qb4 22. c3 Qc5 23. Re3 Rg8 24. Rf4 Ne5 25. Rh4 Ng4 26. Qc2 Rg6 27. Qxg6
fxg6 28. Rxg4 0-1

[Event "X Festival Magistrale"]
[Site "Porto San Giorgio ITA"]
[Date "1998.08.27"]
[Round "7"]
[White "Iotti, Pierluigi"]
[Black "Bontempi, Piero"]
[Result "1-0"]
[WhiteElo "2320"]
[BlackElo "1933"]
[PlyCount "73"]
[EventDate "1998.08.21"]

1. d4 Nf6 2. c4 c5 3. d5 e6 4. Nc3 exd5 5. cxd5 d6 6. e4 g6 7. Be2 Bg7 8. Nf3
O-O 9. O-O Re8 10. Nd2 Na6 11. Qc2 Nc7 12. a4 b6 13. Bb5 Nxb5 14. axb5 Nd7 15.
Nc4 Ne5 16. Ne3 Ng4 17. Nxg4 Bxg4 18. Bf4 Qe7 19. Rfe1 Bd7 20. Qd3 Bd4 21. Qg3
Bxc3 22. bxc3 Bxb5 23. Bxd6 Qd7 24. Be5 Qe7 25. Bd6 Qd8 26. h4 Bc4 27. Rad1 h5
28. e5 Kh7 29. Qf4 Bb3 30. Qxf7+ Kh6 31. Rd3 Bc2 32. Rf3 Bf5 33. Ree3 Rg8 34.
Be7 Rg7 35. Qxg7+ Kxg7 36. Bxd8 Rxd8 37. e6 1-0

[Event "X Festival Magistrale"]
[Site "Porto San Giorgio ITA"]
[Date "1998.08.27"]
[Round "7"]
[White "Khenkin, Igor"]
[Black "Skembris, Spyridon"]
[Result "1/2-1/2"]
[WhiteElo "2600"]
[BlackElo "2480"]
[PlyCount "35"]
[EventDate "1998.08.21"]

1. d4 Nf6 2. Nf3 e6 3. c4 Bb4+ 4. Bd2 Bxd2+ 5. Qxd2 O-O 6. Nc3 d5 7. e3 Nbd7 8.
cxd5 exd5 9. Bd3 c5 10. dxc5 Nxc5 11. O-O Bg4 12. Nd4 Qb6 13. h3 Bd7 14. Rfd1
Rad8 15. Rac1 Rfe8 16. Bb1 a6 17. Nf3 Nce4 18. Qe2 1/2-1/2

[Event "X Festival Magistrale"]
[Site "Porto San Giorgio ITA"]
[Date "1998.08.27"]
[Round "7"]
[White "Lauria, Amilcare"]
[Black "Benincasa, Marco"]
[Result "1-0"]
[WhiteElo "2255"]
[BlackElo "2030"]
[PlyCount "57"]
[EventDate "1998.08.21"]

1. e4 Nf6 2. Bc4 e6 3. e5 Nd5 4. Nc3 Nb6 5. Bb3 c5 6. d3 d6 7. Nf3 Be7 8. O-O
O-O 9. exd6 Bxd6 10. Ne4 Be7 11. c3 Nc6 12. Qe2 Nd5 13. Be3 b6 14. Rad1 Ba6 15.
Bc2 Qc7 16. Bb1 Rfd8 17. g3 Rd7 18. Rfe1 Rad8 19. Bg5 Ne5 20. c4 Nb4 21. Bxe7
Nxf3+ 22. Qxf3 Rxe7 23. d4 Rxd4 24. Rxd4 cxd4 25. Nf6+ gxf6 26. Qxf6 Nc6 27.
Bxh7+ Kxh7 28. Re4 Qe5 29. Rh4+ 1-0